Papa, yuca y camote : cultivo y aprovechamiento /

Guardado en:
Autor Principal: Cásseres, Ernesto.
Autor Corporativo: Organización de las Naciones Unidas para la Agricultura y la Alimentación. Oficina Regional para América Latina y el Caribe.
Formato: Libro
Idioma:Spanish
Publicado: Santiago de Chile : FAO. Oficina Regional para América Latina y el Caribe, 1986.
Etiquetas: Agregar Etiqueta
Sin Etiquetas, Sea el primero en etiquetar este registro!
LEADER 00645nam a22001455a 4500
001 EEA.libagro004243
005 20190318095111.0
008 130809s1986####cl#a##########000#0#spa#d
082 0 4 |a 633.49 
100 1 |a Cásseres, Ernesto. 
245 1 0 |a Papa, yuca y camote :  |b cultivo y aprovechamiento /  |c Ernesto Cásseres. 
260 |a Santiago de Chile :  |b FAO. Oficina Regional para América Latina y el Caribe,  |c 1986. 
300 |a 54 p. :  |b il., fot. col. ;  |c 25 cm. 
710 2 |a Organización de las Naciones Unidas para la Agricultura y la Alimentación.  |b Oficina Regional para América Latina y el Caribe. 
859 |a AR-BbBCA  |b BIB. AGRONOMIA  |h 633.49  |i C344  |p 1990/1484